000 00614nam a2200205Ia 4500
003 GCL
008 140319s9999 xx 000 0 ara d
040 _aGCL /
_cGCL
082 0 4 _a170
_bن ق
100 1 _aتوفيق الطويل
245 1 0 _aقصة الصراع بين الدين والفلسفة /
_cتوفيق الطويل
260 _a[S.N] :
_bدار النهضة العربية ،
_c1979
300 _a304 ص
490 _a
650 0 4 _aالفلسفة
650 0 4 _aالدين والعلم
650 0 4 _aالدين والفلسفة
650 0 4 _aالفلسفة - نظريات
942 _2ddc
_cBK
999 _c36920
_d36920